000 00420nam a2200157 i 4500
001 149213
003 ES-MaACL
005 20230906203012.0
007 t|
008 071019s1973 sp ||||1| spa d
100 1 _aVelasco, Salvador.
_9113740
245 1 0 _aFray Vicente Bernedo /
_cSalvador Velasco.
260 _aGuadalajara :
_bOpe,
_c[1973]
300 _a309 p. ;
_c19 cm.
852 _aES-MaACL
_jC-53661
_bR.86679
999 _c149213
_d149213